| 000 | 00000nam##2200000za#4500 |
| 001 | 9.558338 |
| 003 | CaOODSP |
| 005 | 20230131161132 |
| 007 | cr ||||||||||| |
| 008 | 150406|2003||||xxc|||||o f|0| 0 eng|d |
| 020 | |a0-662-33530-9 |
| 040 | |aCaOODSP|beng |
| 043 | |an-cn--- |
| 086 | 1 |aM44-2003/C8E-IN |
| 110 | 2 |aGeological Survey of Canada. |
| 245 | 10|aInterim results of the EXTECH-IV seismic-reflection program in the Athabasca Basin, northern Saskatchewan / |h[electronic resource]|c[by] D.J. White, Z. Hajnal, I. Gyorfi, E. Takacs, B. Roberts, C. Mueller, B. Reilkoff, R. Koch, B. Powell, I. Annesley, S. Bernier, and C. Jefferson. |
| 260 | |aOttawa - Ontario : |bNatural Resources Canada. |cc2003. |
| 300 | |a13p.|bfigs. (some coloured), maps, references, tables, photographs |
| 490 | 1 |aCurrent research 2003|v2003-C8 |
| 546 | |a(Résumé en français.) |
| 590 | |a14-09-Supp|b2014-04-23 |
| 830 | #0|aCurrent research (Geological Survey of Canada)|v2003-C8|w(CaOODSP)9.506236 |
| 856 | 40|ahttp://publications.gc.ca|qPDF|s6.99 MB|uhttps://publications.gc.ca/collections/collection_2013/rncan-nrcan/M44-2003-C8-eng.pdf|y2003-C8 |